00749cam a22002054a 450000100070000000500170000700800410002401000170006502000150008204200080009705000230010524500830012824600270021126000460023830000750028465000570035965000520041665000550046870000200052320331420170131124754.0990426s1999 inua 000 0 eng  a 99063015  a0735700265 apcc00aQA76.3 .M3268 199900aMCSD.pSolution architectures :btraining guide /cRandy Cornish ... [et al.].30aSolution architectures a[Indianapolis, IN] :bNew Riders,cc1999. axxiii, 776 p. :bill. ;c25 cm. +e1 computer optical disc (4 3/4 in.) 0aElectronic data processing personnelxCertification. 0aMicrosoft softwarexExaminationsvStudy guides. 0aComputer architecturexExaminationsvStudy guides.1 aCornish, Randy.